00387nam a2200109 4500245013200000100001600132710002600148260004000174300002300214490002400237082001600261 aComplete poetical workscby John Keats and Percy Bysshe Shelley ;w ith the explanatory notes of Shelley's Poems by Mrs. Shelly  aKeat, John  aShelley, Percy Bysshe aNew York bModern Library c[19..?] aviii, 914p. 21cm.- aModern Libray giant a821.7b KEA